000 00414nam a2200145Ia 4500
008 230917s9999||||xx |||||||||||||| ||und||
040 _e176324
_aMAIN
041 _aEnglish
082 _a891.432741 VI691K
100 _aविजेन्द्र
245 0 _aक्रौचवध
260 _aनई दिल्ली
_bभारतीय ज्ञानपीठ
_c2006
300 _a208 p.
942 _cHN
999 _c155996
_d155996